000 00508nam a22001697a 4500
999 _c40720
_d40720
003 OSt
005 20200606120130.0
008 191030b ||||| |||| 00| 0 eng d
020 _a9788188643585
040 _cMESKC library
082 _a302.14
_bSHA/A
100 _aSharan,Sankar
_975
245 _aAdyathmik Akraman Aur Ghar Vapasi/
_cSankar Sharan;Vijay Kumar
260 _aNew Delhi:
_bAkshay Prakashan
_c2015
300 _a211p
942 _2ddc
_cBK
_h302.14
_iSHA/A
_k302.14
_mSHA/A